[Event "World Rapid Women 2022"]
[Site "Almaty KAZ"]
[Date "2022.12.28"]
[Round "10.23"]
[White "Atalik, Ekaterina"]
[Black "Kamalidenova, Meruert"]
[Result "1/2-1/2"]
[WhiteTitle "IM"]
[BlackTitle "WIM"]
[WhiteElo "2403"]
[BlackElo "2377"]
[WhiteFideId "4130189"]
[BlackFideId "13712802"]
[EventDate "2022.12.26"]

1. d4 d5 2. c4 e6 3. Nc3 c6 4. e3 Nf6 5. Nf3 Nbd7 6. Bd3 dxc4 7. Bxc4 b5 8. Bd3
b4 9. Na4 Be7 10. e4 Bb7 11. O-O Qa5 12. Bg5 h6 13. Bh4 O-O 14. e5 Nd5 15. Bxe7
Nxe7 16. Rc1 Rac8 17. Nd2 Ba6 18. Bxa6 Qxa6 19. Ne4 Nf5 20. g4 Ne7 21. b3 Rcd8
22. f4 c5 23. Naxc5 Nxc5 24. Rxc5 Qxa2 25. f5 Qb2 26. f6 Ng6 27. fxg7 Kxg7 28.
Nd6 Rd7 29. Rf2 Qa3 30. Kg2 Qa6 31. Qc2 Rxd6 32. exd6 Qxd6 33. Qe4 Rd8 34. Rc4
a5 35. Qb7 Rd7 36. Qe4 e5 37. dxe5 Nxe5 38. Rc8 Ng6 39. Rc6 Qd5 40. Qxd5 Rxd5
41. Rc7 Ne5 42. h3 Kg6 43. Ra7 Rc5 44. Ra6+ Kg7 45. Ra7 Kg6 46. Ra2 Nc6 47. Rc7
Rc3 48. Rf2 f6 49. Rc8 Nd4 50. Rf8 Rc6 51. Rb2 Rc5 52. h4 h5 53. Rf2 f5 54. g5
Nxb3 55. Re2 Rc7 56. Rg8+ Kf7 57. Ree8 Nd4 58. Rgf8+ Kg7 59. Rg8+ Kf7 60. Rh8 b3
61. Rb8 Ke6 62. g6 Ke5 63. Rh7 Rc2+ 64. Kf1 Rc1+ 65. Kf2 Rc2+ 66. Ke1 Rg2 67. g7
a4 68. g8=Q Rxg8 69. Rxg8 b2 70. Rb7 Nb3 71. Re8+ Kf4 72. Kf2 b1=Q 73. Rb4+ Qe4
74. Rexe4+ fxe4 75. Rxa4 Nd2 76. Ra5 Kg4 77. Rg5+ Kxh4 78. Rg8 Nc4 79. Ke2 Kh3
80. Rc8 Nd6 81. Rc5 h4 82. Ke3 Kg4 83. Rc6 Nf5+ 84. Kxe4 Ng3+ 85. Ke3 h3 86.
Rg6+ Kh4 87. Rh6+ Kg4 88. Rxh3 1/2-1/2

[Event "World Rapid Women 2022"]
[Site "Almaty KAZ"]
[Date "2022.12.28"]
[Round "10.24"]
[White "Balabayeva, Xeniya"]
[Black "Paehtz, Elisabeth"]
[Result "0-1"]
[WhiteTitle "WIM"]
[BlackTitle "GM"]
[WhiteElo "2183"]
[BlackElo "2464"]
[WhiteFideId "13719688"]
[BlackFideId "4641833"]
[EventDate "2022.12.26"]

1. d4 e6 2. e4 d5 3. Bd3 c5 4. dxc5 dxe4 5. Bxe4 Qxd1+ 6. Kxd1 Bxc5 7. Ke2 Nf6
8. Bd3 b6 9. Nf3 Bb7 10. Nbd2 Nbd7 11. Nb3 Bd6 12. a4 a6 13. Be3 e5 14. Bf5 Ke7
15. Rhd1 g6 16. Bh3 h6 17. Bxd7 Nxd7 18. Rd2 Bc7 19. Rad1 Rad8 20. g4 a5 21. Nc1
Ba6+ 22. Ke1 e4 23. Nd4 Ne5 24. Nce2 Kf6 25. h3 Nc4 26. Nc6 Nxd2 27. Bxd2 Rxd2
28. Rxd2 Bb7 29. Na7 Rd8 30. Nb5 Rxd2 31. Kxd2 Be5 32. h4 Bc8 33. Nec3 Bf4+ 34.
Ke1 Ke5 35. g5 hxg5 36. hxg5 Bb7 37. Na3 Bd5 38. Nab5 Bxg5 39. Nxd5 Kxd5 40. b3
f5 41. c3 Be7 42. Ke2 Bc5 43. Nc7+ Ke5 44. Na6 f4 45. f3 Be3 46. b4 g5 47. Nb8
exf3+ 48. Kxf3 Kf5 49. Nd7 g4+ 50. Ke2 Ke6 51. Nf8+ Kd5 52. Nh7 Kc4 53. bxa5
bxa5 54. Nf6 g3 55. Kf3 Kxc3 0-1

[Event "World Rapid Women 2022"]
[Site "Almaty KAZ"]
[Date "2022.12.28"]
[Round "10.25"]
[White "Kaldarova, Ayaulym"]
[Black "Tokhirjonova, Gulrukhbegim"]
[Result "0-1"]
[BlackTitle "WGM"]
[WhiteElo "1832"]
[BlackElo "2328"]
[WhiteFideId "13720503"]
[BlackFideId "14203626"]
[EventDate "2022.12.26"]

1. Nf3 Nf6 2. c4 g6 3. Nc3 d5 4. cxd5 Nxd5 5. Qb3 Nb6 6. d4 Bg7 7. e4 O-O 8. Be3
a5 9. Rd1 a4 10. Qc2 a3 11. b3 Na6 12. Be2 Nd7 13. O-O c6 14. Qd2 Re8 15. d5 Ne5
16. Nxe5 Bxe5 17. Bd4 Bxd4 18. Qxd4 e5 19. Qe3 Qa5 20. dxc6 bxc6 21. Bxa6 Bxa6
22. Rfe1 Rad8 23. Na4 Rd4 24. Rc1 Bb5 25. Nc5 Qd2 26. Qxd2 Rxd2 27. Ra1 Red8 28.
g3 Kg7 29. b4 Rb2 30. Nb3 Bc4 31. Re3 Rd3 32. Rxd3 Bxd3 33. f3 Bc2 34. Na5 Rxb4
35. Nxc6 Rb5 36. Rc1 Rb2 37. Nxe5 Rxa2 38. Nc4 Bd3 39. Ne5 Bc2 40. Kf1 Rb2 41.
Nc4 Bd3+ 42. Ke1 Bxc4 43. Rxc4 a2 0-1

[Event "World Rapid Women 2022"]
[Site "Almaty KAZ"]
[Date "2022.12.28"]
[Round "10.26"]
[White "Fataliyeva, Ulviyya"]
[Black "Eric, Jovana"]
[Result "1-0"]
[WhiteTitle "IM"]
[BlackTitle "WGM"]
[WhiteElo "2428"]
[BlackElo "2236"]
[WhiteFideId "13403052"]
[BlackFideId "938238"]
[EventDate "2022.12.26"]

1. d4 Nf6 2. Nc3 d5 3. Bf4 a6 4. e3 e6 5. Nf3 c5 6. Be2 Nc6 7. O-O b5 8. Nb1 Bb7
9. Nbd2 Be7 10. a4 b4 11. dxc5 Bxc5 12. c4 O-O 13. Rc1 Be7 14. Bd3 h6 15. Qe2 d4
16. exd4 Nxd4 17. Nxd4 Qxd4 18. Be5 Qd7 19. Nb3 Qxa4 20. Bxf6 Bxf6 21. Nc5 Qc6
22. Nxb7 Qxb7 23. Be4 Qc7 24. Bxa8 Rxa8 25. c5 a5 26. Rfd1 a4 27. c6 a3 28. bxa3
bxa3 29. Qa2 Bb2 30. Rc2 Rc8 31. g3 Qe5 32. Qc4 Qa5 33. Qb3 Be5 34. Qb7 Rc7 35.
Rd8+ Kh7 36. Qb1 f5 37. Rd1 Qa4 38. Re1 Bb2 39. Rce2 Rxc6 40. Rxe6 Rc5 41. Qa2
Qc4 42. Qxc4 Rxc4 43. Ra6 Rc2 44. Rd1 Bc1 45. Rd5 Bb2 46. Rxf5 Rc1+ 47. Kg2 Rc2
48. h4 Rd2 49. h5 Rd3 50. Rfa5 Rd2 51. Rf5 Rd7 52. Ra8 g6 53. hxg6+ Kxg6 54. g4
Kg7 55. Rb5 Kg6 56. Ra6+ Kg7 57. f4 Bc1 58. Kf3 Rd3+ 59. Ke4 Re3+ 60. Kd5 Re7
61. f5 Bb2 62. Rbb6 Bc1 63. f6+ 1-0

[Event "World Rapid Women 2022"]
[Site "Almaty KAZ"]
[Date "2022.12.28"]
[Round "10.27"]
[White "Padmini, Rout"]
[Black "Borisova, Ekaterina"]
[Result "1-0"]
[WhiteTitle "IM"]
[BlackTitle "FM"]
[WhiteElo "2389"]
[BlackElo "2223"]
[WhiteFideId "5029295"]
[BlackFideId "34124184"]
[EventDate "2022.12.26"]

1. e4 e5 2. Nf3 Nc6 3. Bc4 Nf6 4. d3 h6 5. c3 g5 6. O-O d6 7. Na3 Bg7 8. Nc2 Ne7
9. Ne3 Ng6 10. Qc2 O-O 11. d4 g4 12. Nd2 c6 13. dxe5 dxe5 14. Rd1 Qe7 15. Ndf1
Nh5 16. Be2 Nf6 17. Ng3 Nh4 18. a4 Be6 19. b3 Rfd8 20. Ba3 Qc7 21. Bc4 h5 22.
Qe2 Bf8 23. Bxe6 Bxa3 24. Bc4 Rxd1+ 25. Rxd1 Ng6 26. Nef5 Bf8 27. Qd2 Nf4 28. b4
h4 29. Nxh4 b5 30. axb5 cxb5 31. Bxb5 Qb7 32. Bf1 Nxe4 33. Qe3 Ng5 34. Qxe5 Nfe6
35. Qf5 Bg7 36. Qxg4 Bxc3 37. b5 Kf8 38. Nhf5 Qc7 39. h4 Nh7 40. Qh5 Nf6 41.
Qh6+ Kg8 42. Rc1 Re8 43. Qe3 Nd5 44. Qf3 Nef4 45. Nh5 Nxh5 46. Qxh5 Qe5 47. Bd3
Qf6 48. Nh6+ Kg7 49. Qxd5 Qxh6 50. Rxc3 Re1+ 51. Bf1 1-0

[Event "World Rapid Women 2022"]
[Site "Almaty KAZ"]
[Date "2022.12.28"]
[Round "10.28"]
[White "Mkrtchyan, Mariam"]
[Black "Khamdamova, Afruza"]
[Result "1-0"]
[WhiteTitle "WIM"]
[BlackTitle "WFM"]
[WhiteElo "2364"]
[BlackElo "2139"]
[WhiteFideId "13310828"]
[BlackFideId "14210444"]
[EventDate "2022.12.26"]

1. d4 Nf6 2. c4 e6 3. Nf3 d5 4. g3 dxc4 5. Bg2 c5 6. O-O Nc6 7. Qa4 Bd7 8. dxc5
Bxc5 9. Qxc4 Be7 10. Nc3 O-O 11. Rd1 Rc8 12. e4 e5 13. Qe2 Qe8 14. h3 h6 15. Be3
Be6 16. Nh4 Rd8 17. Nd5 Bxd5 18. exd5 Nd4 19. Bxd4 exd4 20. Qc4 Rc8 21. Qxd4 Bc5
22. Qd3 Qe5 23. Rd2 Rfe8 24. a3 Rcd8 25. Rad1 Nh5 26. Kh2 Rd6 27. Qf5 Nf6 28.
Qc2 Bb6 29. Nf5 Rd7 30. d6 Red8 31. Re2 Qc5 32. Qd3 g6 33. Nxh6+ Kg7 34. Qf3 Rh8
35. Ng4 Nxg4+ 36. Qxg4 Rxd6 37. Rxd6 Qxd6 38. Bxb7 f5 39. Qf3 Bd4 40. Bd5 Rd8
41. Bc4 Rd7 42. b4 Bf6 43. Re6 Qd4 44. Bb5 Rc7 45. Kg2 Qb2 46. Re2 Qc3 47. Re3
Qb2 48. Bc6 Bd4 49. Re2 Qc1 50. b5 Qc5 51. h4 Bf6 52. Qf4 Rc8 53. a4 Qc3 54. Rd2
Rd8 55. Rxd8 Bxd8 56. Qd6 Qf6 57. Qd7+ Qe7 58. Qd4+ Qf6 59. Qxa7+ Kh6 60. Qe3+
Kg7 61. a5 f4 62. Qa3 fxg3 63. fxg3 Qd4 64. Qa2 Qc3 65. a6 Bc7 66. Qf2 Bd6 67.
a7 Bc5 68. Qxc5 Qxc5 69. a8=Q Qc2+ 70. Kh3 Qf5+ 71. Kh2 1-0

[Event "World Rapid Women 2022"]
[Site "Almaty KAZ"]
[Date "2022.12.28"]
[Round "10.29"]
[White "Kurmangaliyeva, Liya"]
[Black "Mkrtchian, Lilit"]
[Result "0-1"]
[WhiteTitle "FM"]
[BlackTitle "IM"]
[WhiteElo "2287"]
[BlackElo "2377"]
[WhiteFideId "13725831"]
[BlackFideId "13300601"]
[EventDate "2022.12.26"]

1. e4 e6 2. d4 d5 3. e5 c5 4. c3 Nc6 5. Nf3 Bd7 6. Be2 Nge7 7. O-O cxd4 8. cxd4
Nf5 9. Na3 Be7 10. Nc2 O-O 11. Bd3 f6 12. Bxf5 exf5 13. Re1 Rc8 14. Qd3 Kh8 15.
Bd2 Be8 16. Rac1 Bh5 17. Bc3 f4 18. e6 Qd6 19. Nh4 g6 20. a3 a5 21. b4 axb4 22.
Nxb4 Na5 23. Nf3 Nc4 24. Nc2 g5 25. Bb4 Qd8 26. Nd2 Bg6 27. Qb3 Nxd2 28. Bxd2
Re8 29. Nb4 Bxb4 30. Qxb4 Rxc1 31. Rxc1 Rxe6 32. Qxb7 Re8 33. h3 f3 34. gxf3 Bf5
35. Qc7 Bxh3 36. Qxd8 Rxd8 37. Rc6 Kg7 38. Bb4 Rc8 39. Rd6 Rc1+ 40. Kh2 Bc8 41.
Rxd5 Rc2 42. Kg2 Kg6 43. Rd8 Bb7 44. Rd7 Bc6 45. Rd6 Rc1 46. d5 Bb7 47. Rd7 Ba8
48. Rd8 Bb7 49. Rd7 Ba8 50. Rd8 Bb7 51. d6 Rd1 52. Rb8 Bc6 53. Rc8 Bb7 54. Rc7
Bd5 55. d7 Be6 56. Bc3 Bxd7 57. Ra7 Rd3 58. Bb2 Bc6 59. Ra6 Bxf3+ 60. Kh2 g4 61.
Bxf6 h5 62. Bd4+ Kf5 63. Rf6+ Kg5 64. Rd6 Kf5 65. Rf6+ Ke4 66. Be3 h4 67. Rh6
Rd1 68. Rxh4 Rh1+ 69. Kg3 Rg1+ 70. Kh2 Rg2+ 71. Kh1 Rxf2+ 72. Kg1 Kxe3 73. Rh7
Rg2+ 74. Kf1 Ra2 75. Re7+ Kf4 76. Rf7+ Kg3 0-1

[Event "World Rapid Women 2022"]
[Site "Almaty KAZ"]
[Date "2022.12.28"]
[Round "10.30"]
[White "Tereladze, Sopio"]
[Black "Osmak, Yuliia"]
[Result "0-1"]
[WhiteTitle "WIM"]
[BlackTitle "IM"]
[WhiteElo "2215"]
[BlackElo "2451"]
[WhiteFideId "13600486"]
[BlackFideId "14101602"]
[EventDate "2022.12.26"]

1. Nf3 d5 2. b3 Nf6 3. Bb2 Bf5 4. e3 e6 5. Be2 Be7 6. Nh4 Bg6 7. Nxg6 hxg6 8. d3
Nbd7 9. d4 c6 10. Nd2 Qc7 11. Nf3 Bd6 12. a3 Ne4 13. g3 g5 14. Bd3 g4 15. Bxe4
dxe4 16. Nd2 f5 17. Qe2 O-O-O 18. O-O-O Rh3 19. Kb1 Rdh8 20. Nf1 Nf6 21. c4 Qe7
22. Ka2 Kb8 23. Qd2 Nh7 24. b4 Ng5 25. Qe2 Nf3 26. c5 Bc7 27. b5 Qd7 28. bxc6
Qxc6 29. d5 exd5 30. Bxg7 R8h7 31. Bd4 Nxh2 32. Nxh2 Rxh2 33. Rxh2 Rxh2 34. Qb2
Ka8 35. Rd2 Qa4 36. Qc3 Ba5 37. Qc2 Qxc2+ 38. Rxc2 Be1 39. Kb3 Rxf2 40. Rc1 Re2
41. Ka4 Bxg3 42. Kb5 Re1 43. Rc2 Rb1+ 44. Ka4 Bc7 45. Rf2 b5+ 46. cxb6 axb6 0-1

[Event "World Rapid Women 2022"]
[Site "Almaty KAZ"]
[Date "2022.12.28"]
[Round "10.31"]
[White "Lu, Miaoyi"]
[Black "Nomin-Erdene, Davaademberel"]
[Result "1-0"]
[BlackTitle "IM"]
[WhiteElo "2399"]
[BlackElo "2384"]
[WhiteFideId "8618020"]
[BlackFideId "4900782"]
[EventDate "2022.12.26"]

1. e4 c6 2. d4 d5 3. exd5 cxd5 4. c4 Nf6 5. Nc3 g6 6. Qb3 Bg7 7. cxd5 O-O 8. Be2
Nbd7 9. Bf3 Nb6 10. Nge2 Bf5 11. a4 a5 12. d6 exd6 13. O-O Rb8 14. Bf4 Bd3 15.
Nb5 Bc4 16. Qa3 Re8 17. Nxd6 Bf8 18. Nxe8 Bxa3 19. Nxf6+ Qxf6 20. Bxb8 Bxb2 21.
Be5 Qe7 22. Rab1 Nxa4 23. Rfe1 Qd7 24. Ng3 Bd3 25. Rbd1 Bc2 26. Rd2 Bc3 27. Rxc2
Bxe1 28. Rc7 Qd8 29. Rxb7 Nb6 30. Rb8 Qxb8 31. Bxb8 a4 32. Bd1 a3 33. Bb3 Bb4
34. Ne2 Na4 35. Nc1 Nb2 36. Na2 Be7 37. Kf1 Nd3 38. Ke2 Nb2 39. d5 Kf8 40. Be5
f6 41. Bc3 Ke8 42. Kd2 Kd7 43. Kc2 Bc5 44. f3 f5 45. Bxb2 axb2 46. Kxb2 Kd6 47.
Nc1 h6 48. Nd3 Bd4+ 49. Kc2 g5 50. Kd2 h5 51. Ke2 h4 52. h3 Bb6 53. f4 g4 54.
Ne5 g3 55. Nc4+ Kxd5 56. Nxb6+ Ke4 57. Nd5 Kd4 58. Kf3 Kd3 59. Ne7 1-0

[Event "World Rapid Women 2022"]
[Site "Almaty KAZ"]
[Date "2022.12.28"]
[Round "10.32"]
[White "Yao, Lan"]
[Black "Foudzi, Siti Zulaikha"]
[Result "1-0"]
[WhiteTitle "WIM"]
[BlackTitle "WIM"]
[WhiteElo "2271"]
[BlackElo "2136"]
[WhiteFideId "8610835"]
[BlackFideId "5700965"]
[EventDate "2022.12.26"]

1. e4 g6 2. d4 Bg7 3. Nc3 d6 4. Nf3 a6 5. Be3 Nc6 6. h3 Nf6 7. Be2 O-O 8. d5 Nb8
9. Qd2 c6 10. Bh6 Nbd7 11. h4 Bxh6 12. Qxh6 Ng4 13. Qd2 Ndf6 14. h5 Qb6 15. Nd4
e5 16. dxe6 fxe6 17. f3 e5 18. fxg4 Qxd4 19. O-O-O Qxd2+ 20. Rxd2 Bxg4 21. Bxg4
Nxg4 22. hxg6 hxg6 23. Rxd6 Nf6 24. Rhd1 Rae8 25. Na4 Nxe4 26. Rxg6+ Kf7 27. Rh6
Nf6 28. Nc5 Kg7 29. Rh3 Rf7 30. Rf1 e4 31. Rg3+ Kf8 32. Re1 Rg7 33. Rxg7 Kxg7
34. Nxb7 e3 35. Nd6 Re5 36. Nc4 Re4 37. Nxe3 Kg6 38. Kd2 Kg5 39. c3 Nh5 40. Nc2
Rg4 41. Re5+ Kh4 42. Ne3 Ra4 43. a3 Nf4 44. c4 Kg3 45. Kc3 Kf2 46. Kb3 Nd3 47.
Nd1+ Kg1 48. Rf5 1-0

[Event "World Rapid Women 2022"]
[Site "Almaty KAZ"]
[Date "2022.12.28"]
[Round "10.33"]
[White "Beydullayeva, Govhar"]
[Black "Gaboyan, Susanna"]
[Result "1/2-1/2"]
[WhiteTitle "WGM"]
[BlackTitle "WIM"]
[WhiteElo "2387"]
[BlackElo "2200"]
[WhiteFideId "13413015"]
[BlackFideId "13303627"]
[EventDate "2022.12.26"]

1. d4 Nf6 2. c4 g6 3. Nc3 d5 4. cxd5 Nxd5 5. e4 Nxc3 6. bxc3 Bg7 7. Bc4 c5 8.
Ne2 Nc6 9. Be3 O-O 10. O-O Qc7 11. Rc1 Rd8 12. h4 e5 13. d5 Na5 14. Bd3 c4 15.
Bc2 b5 16. f4 Bg4 17. Qe1 Bxe2 18. Qxe2 Nb7 19. h5 exf4 20. Bxf4 Qc5+ 21. Be3
Qe7 22. Qe1 Nd6 23. Bd4 Re8 24. Qf2 Be5 25. Rce1 Qg5 26. Bxe5 Rxe5 27. hxg6 hxg6
28. Qc5 Qe7 29. Rf3 Re8 30. Qd4 f5 31. Rg3 Kf7 32. Rf1 Nxe4 33. Bxe4 Qh4 34.
Rxg6 Kxg6 35. Bxf5+ Kg5 36. Qd2+ Re3 37. Be6 Qg3 38. Qd4 Re5 39. Qxa7 Qe3+ 40.
Qxe3+ Rxe3 41. Bd7 Rb8 42. d6 Rxc3 43. Bf5 b4 44. d7 b3 45. axb3 cxb3 46. Re1
Rd8 47. Re8 Rxd7 48. Bxd7 b2 49. Rb8 Rc1+ 50. Kh2 b1=Q 51. Rxb1 Rxb1 52. Bh3 Kf4
53. Bd7 Rb7 54. Bh3 Rh7 55. Kg1 Kg3 56. Kf1 Re7 57. Bc8 Rf7+ 58. Ke2 Kxg2 59.
Kd2 Kf2 60. Be6 Rf6 61. Bb3 Rd6+ 62. Kc2 Ke3 63. Kb2 Kd3 64. Ka1 Kd2 65. Ba2 Kc2
66. Bb1+ Kc1 67. Ba2 Rb6 68. Bc4 Kc2 69. Ba2 Kc3 70. Bb1 Kb3 71. Ba2+ Ka3 72.
Bb1 Rb2 73. Be4 Re2 74. Bb1 Kb3 75. Bg6 Ra2+ 76. Kb1 Rf2 77. Ka1 Rf6 78. Bh7 Rh6
79. Bg8+ Kc2 80. Bd5 Rd6 81. Bg8 Rd1+ 82. Ka2 Rd8 83. Bh7+ Kc3 84. Ka1 Ra8+ 85.
Kb1 Ra7 86. Bf5 Rf7 87. Bg6 Rf1+ 88. Ka2 Rf2+ 89. Ka1 Rf6 90. Bh7 Rf1+ 91. Ka2
Rf7 92. Bg6 Ra7+ 93. Kb1 Kb3 94. Bc2+ Ka3 95. Ka1 Rc7 96. Bb1 Kb3 97. Ba2+ Kc2
98. Bb1+ Kc3 99. Bf5 Rc5 100. Bg6 Ra5+ 101. Kb1 Ra7 102. Bf5 Rf7 103. Bg6 Rf6
104. Bh7 Rh6 105. Bf5 Rh1+ 106. Ka2 Rh2+ 107. Ka1 Kb3 108. Be6+ Kc2 109. Bf5+
Kc1 110. Be6 Rh1 111. Bd5 Re1 112. Ka2 Re5 113. Bg8 Kc2 114. Bh7+ Kc3 115. Ka1
Rg5 116. Be4 Kb3 117. Bh7 Rg2 118. Bf5 Ra2+ 119. Kb1 Re2 120. Ka1 Re1+ 121. Bb1
Re5 122. Ba2+ Kc2 123. Bb1+ Kc3 1/2-1/2

[Event "World Rapid Women 2022"]
[Site "Almaty KAZ"]
[Date "2022.12.28"]
[Round "10.34"]
[White "Petrova, Irina"]
[Black "Pourkashiyan, Atousa"]
[Result "0-1"]
[WhiteTitle "WIM"]
[BlackTitle "WGM"]
[WhiteElo "2123"]
[BlackElo "2321"]
[WhiteFideId "14124122"]
[BlackFideId "12502014"]
[EventDate "2022.12.26"]

1. e4 c5 2. Nf3 e6 3. c4 a6 4. Nc3 Qc7 5. Be2 d6 6. d4 cxd4 7. Nxd4 Nf6 8. O-O
Nbd7 9. Be3 Be7 10. f3 O-O 11. Qd2 b6 12. Rfc1 Bb7 13. a4 Rac8 14. a5 bxa5 15.
Nb3 Rfe8 16. Nxa5 Ba8 17. b4 d5 18. c5 dxe4 19. fxe4 Nxe4 20. Nxe4 Bxe4 21. Bxa6
Rcd8 22. Qf2 Nf6 23. b5 Ng4 24. Qf4 Qxf4 25. Bxf4 g5 26. Bg3 Rd2 27. Bb7 Rxg2+
28. Kf1 Ne3+ 29. Ke1 f5 30. Bxe4 fxe4 31. Bf2 Ng4 32. Bg3 Bf6 33. Ra4 Rd8 34.
Bd6 Rg1+ 35. Kd2 e3+ 36. Kc2 Rg2+ 37. Kd3 Rd2+ 38. Ke4 e2 39. Kf3 Ne5+ 40. Bxe5
Bxe5 41. Re4 Rf8+ 42. Ke3 Rd1 43. Kxe2 Rxc1 44. Rxe5 Ra8 45. Rxg5+ Kf7 46. Nc6
Kf6 47. Rh5 Ra2+ 48. Kd3 Ra3+ 49. Kd2 Rg1 50. Ke2 Rg2+ 51. Kf1 Rb2 52. Rh6+ Kf5
53. Rh5+ Kg6 54. Re5 Ra1+ 55. Re1 Rxe1+ 56. Kxe1 Rxb5 57. Ne5+ Kf6 58. Nd3 e5
59. Ke2 e4 60. Nf2 Kf5 61. c6 Rc5 62. Nd1 Rc2+ 63. Ke3 Rxc6 64. Nf2 Rc3+ 65. Ke2
Kf4 66. h4 h5 67. Nd1 Rc2+ 68. Ke1 Kf3 0-1

[Event "World Rapid Women 2022"]
[Site "Almaty KAZ"]
[Date "2022.12.28"]
[Round "10.35"]
[White "Shukhman, Anna"]
[Black "Gvetadze, Sofio"]
[Result "1/2-1/2"]
[WhiteTitle "WFM"]
[BlackTitle "IM"]
[WhiteElo "2161"]
[BlackElo "2298"]
[WhiteFideId "54180058"]
[BlackFideId "13601440"]
[EventDate "2022.12.26"]

1. e4 c5 2. Nf3 g6 3. c3 Bg7 4. d4 cxd4 5. cxd4 d5 6. e5 a6 7. h3 Nc6 8. Nc3 f6
9. Bf4 e6 10. exf6 Nxf6 11. Be2 O-O 12. Bg5 Qb6 13. Na4 Qb4+ 14. Bd2 Qd6 15. O-O
Ne4 16. Be3 Ne7 17. Nc3 b5 18. a4 b4 19. Nxe4 dxe4 20. Nd2 Bb7 21. Nc4 Qc7 22.
Rc1 Nf5 23. Qd2 Qe7 24. Na5 Rad8 25. Bg5 Bf6 26. Bxf6 Rxf6 27. Nxb7 Qxb7 28. Rc4
a5 29. Rfc1 Rf7 30. Bg4 Ng7 31. Qg5 Qb6 32. Qc5 Qb8 33. Qxa5 Rdf8 34. R4c2 h5
35. Bd1 e3 36. f3 Nf5 37. Re2 b3 38. Qe5 Qb6 39. a5 Qa6 40. Rc3 Rd7 41. g4 Rd5
42. Qc7 Rxd4 43. Re1 Rxd1 44. Rxd1 Qe2 45. Rf1 Nh4 46. Qg3 Nxf3+ 47. Rxf3 Qxf3
48. Qxf3 Rxf3 49. a6 e2 50. Rc1 Rd3 51. Kf2 Rd1 52. Rc8+ Kg7 53. Kxe2 Ra1 54.
gxh5 Rxa6 55. Rc3 gxh5 56. Rxb3 Kf6 57. Rb5 Kg6 58. Ke3 Ra1 59. Kd4 Rd1+ 60. Ke5
Re1+ 61. Kf4 Rf1+ 62. Kg3 Rg1+ 63. Kf2 Rh1 64. Kg3 Re1 65. b4 e5 66. Rb8 Re3+
67. Kg2 h4 68. b5 Rg3+ 69. Kf2 Kf5 70. b6 Rb3 71. b7 Ke4 72. Rh8 Rb2+ 73. Kf1
Rxb7 74. Rxh4+ Kf3 75. Kg1 e4 76. Rh8 Rb1+ 77. Kh2 Rb2+ 78. Kg1 e3 79. Rf8+ Ke2
80. Ra8 Kd2 81. Kg2 e2 82. Rd8+ Ke1 83. Ra8 Rb7 84. Ra1+ Kd2 85. Ra2+ Kd3 86.
Ra3+ Kd4 87. Kf2 Re7 88. Ke1 Re3 89. Rxe3 Kxe3 90. h4 1/2-1/2

[Event "World Rapid Women 2022"]
[Site "Almaty KAZ"]
[Date "2022.12.28"]
[Round "10.36"]
[White "Nasybullina, Alfia"]
[Black "Lhotska, Anna"]
[Result "1/2-1/2"]
[WhiteTitle "WIM"]
[BlackTitle "WFM"]
[WhiteElo "2027"]
[BlackElo "2159"]
[WhiteFideId "4132416"]
[BlackFideId "376183"]
[EventDate "2022.12.26"]

1. Nf3 d5 2. g3 Nf6 3. Bg2 e6 4. O-O b5 5. d4 Nbd7 6. c3 c6 7. Nbd2 Be7 8. Qc2
O-O 9. e4 a5 10. h4 Ba6 11. Re1 Nb6 12. e5 Nfd7 13. h5 c5 14. Nf1 b4 15. Ne3 Rc8
16. Qd1 bxc3 17. bxc3 cxd4 18. cxd4 Nc4 19. Ng4 Bb4 20. Ng5 Bxe1 21. Qxe1 Qe7
22. h6 g6 23. Bh3 Rc6 24. Nf3 Qb4 25. Qd1 Rb8 26. Bg5 Nb2 27. Qd2 Qxd2 28. Bxd2
a4 29. a3 Rb3 30. Ng5 Bd3 31. Bb4 Bf5 32. Ne3 Bxh3 33. Nxh3 Nd3 34. Be7 Rc1+ 35.
Rxc1 Nxc1 36. Nf4 Nd3 37. Ne2 Nb2 38. Bb4 Rd3 39. Nc2 Nc4 40. f4 f6 41. Kf2 Kf7
42. Ke1 g5 43. exf6 Kxf6 44. fxg5+ Kxg5 45. Nf4 Rxg3 46. Nxe6+ Kxh6 47. Nf4 Ncb6
48. Kf2 Rb3 49. Ne3 Nf6 50. Bf8+ Kg5 51. Ne6+ Kg6 52. Nf4+ Kf7 53. Bb4 Ne4+ 54.
Ke2 Nf6 55. Nf5 Ne4 56. Ne3 Ng3+ 57. Kf2 Ne4+ 1/2-1/2

[Event "World Rapid Women 2022"]
[Site "Almaty KAZ"]
[Date "2022.12.28"]
[Round "10.37"]
[White "Badelka, Olga"]
[Black "Frayna, Janelle Mae"]
[Result "1-0"]
[WhiteTitle "IM"]
[BlackTitle "WGM"]
[WhiteElo "2416"]
[BlackElo "2265"]
[WhiteFideId "13509926"]
[BlackFideId "5212499"]
[EventDate "2022.12.26"]

1. e4 c6 2. Nf3 d5 3. d3 dxe4 4. dxe4 Qxd1+ 5. Kxd1 Nd7 6. Nbd2 e5 7. Nc4 f6 8.
Be3 g5 9. c3 Nh6 10. h4 g4 11. Nfd2 Nf7 12. Kc2 h5 13. g3 Nc5 14. b4 Ne6 15. a4
Be7 16. a5 Nc7 17. Bd3 Nd6 18. Nxd6+ Bxd6 19. Nb3 Ne6 20. Rhd1 Ke7 21. Bc4 Bd7
22. Rd2 Rhd8 23. Rad1 Bc7 24. Nc5 Bc8 25. Nxe6 1-0

[Event "World Rapid Women 2022"]
[Site "Almaty KAZ"]
[Date "2022.12.28"]
[Round "10.38"]
[White "Serikbay, Assel"]
[Black "Enkhtuul, Altan-Ulzii"]
[Result "0-1"]
[WhiteTitle "WIM"]
[BlackTitle "WGM"]
[WhiteElo "2230"]
[BlackElo "2285"]
[WhiteFideId "13706799"]
[BlackFideId "4901444"]
[EventDate "2022.12.26"]

1. d4 Nf6 2. c4 c5 3. d5 b5 4. cxb5 a6 5. bxa6 g6 6. Nc3 Bxa6 7. g3 d6 8. Bg2
Bg7 9. Nf3 O-O 10. O-O Nbd7 11. h3 Nb6 12. Re1 Nfd7 13. Qc2 Nc4 14. Nd2 Qa5 15.
Nxc4 Bxc4 16. Bd2 Rfb8 17. b3 Ba6 18. Rab1 Qc7 19. a4 Bd4 20. Ne4 Qa7 21. Bc3
Bxc3 22. Nxc3 Rb7 23. Na2 Rab8 24. e4 Ne5 25. Re3 Nc4 26. Rc3 Na3 27. Qc1 Nxb1
28. Qxb1 Qb6 29. Qc2 Qd8 30. Kh2 Rb6 31. Bf3 Qd7 32. Bg4 Qb7 33. Bd1 e6 34. dxe6
fxe6 35. e5 Qd5 36. exd6 Rxd6 37. Bg4 Bb7 38. Bf3 Qd2 39. Bxb7 Rxb7 40. Nc1 Qxc2
41. Rxc2 Rd5 42. Kg2 Rb4 43. Rc3 c4 44. bxc4 Rc5 45. Re3 Rcxc4 46. Nd3 Rb3 47.
Kf1 Rxa4 48. Ke2 Ra2+ 49. Kf3 Rc3 50. Ke4 Rd2 51. Rf3 Kg7 52. h4 Ra3 53. Kd4 e5+
54. Ke4 Re2+ 55. Re3 Rxe3+ 56. fxe3 Kf6 57. Nc5 Ra7 58. g4 h6 59. Kd5 h5 60.
Ne4+ Kg7 61. gxh5 Ra5+ 62. Ke6 gxh5 63. Kf5 Ra3 64. Kxe5 Rxe3 65. Kf4 Re1 66.
Ng5 Kg6 67. Nf3 Rf1 68. Ke4 Kf6 69. Kf4 Ra1 70. Ng5 Ra4+ 71. Ne4+ Ke6 72. Kf3
Ke5 73. Ng3 Rxh4 74. Ne2 Rh3+ 75. Kg2 Re3 76. Ng3 h4 77. Nf1 Rd3 78. Nh2 Kf4 79.
Nf1 h3+ 80. Kh2 Rd1 0-1

[Event "World Rapid Women 2022"]
[Site "Almaty KAZ"]
[Date "2022.12.28"]
[Round "10.39"]
[White "Nurgali, Nazerke"]
[Black "Paramzina, Anastasya"]
[Result "1-0"]
[WhiteTitle "WIM"]
[BlackTitle "WGM"]
[WhiteElo "2168"]
[BlackElo "2227"]
[WhiteFideId "13711261"]
[BlackFideId "4165012"]
[EventDate "2022.12.26"]

1. d4 Nf6 2. c4 g6 3. Nc3 d5 4. e3 Bg7 5. Nf3 O-O 6. cxd5 Nxd5 7. Bc4 Nb6 8. Be2
c5 9. O-O cxd4 10. Nxd4 a6 11. Bf3 e5 12. Nb3 Qe7 13. Bd2 Rd8 14. Qc1 a5 15. Be1
a4 16. Nd2 Na6 17. Be2 Nb4 18. Qb1 Bf5 19. e4 Be6 20. a3 Nc6 21. Nf3 Na5 22. Qc2
Rac8 23. Nd2 Bh6 24. Rd1 Rd4 25. Qb1 Rcd8 26. Nf3 Rxd1 27. Nxd1 Nac4 28. Bc3 Bg4
29. h3 Bxf3 30. Bxf3 Nd2 31. Bxd2 Rxd2 32. Nc3 Qc5 33. Bd1 Qd4 34. Be2 Bg5 35.
Rd1 Nd7 36. Rxd2 Qxd2 37. Bb5 Nc5 38. Nxa4 Nb3 39. Bf1 Nc1 40. Nc3 Qe1 41. Qc2
Bd2 42. g3 h5 43. h4 Kg7 44. Kg2 g5 45. hxg5 Bxg5 46. Qd1 Qxd1 47. Nxd1 Nb3 48.
Bc4 Nc5 49. Bd5 b6 50. b4 Na6 51. Nc3 Bc1 52. Nb5 Nb8 53. Kf3 Nd7 54. Ke2 Nf6
55. Bc6 Ng4 56. a4 1-0